LEADER 01258cas--2200385---450- 001 990001533980203316 005 20150216164414.0 017 70$a00052606$2P 035 $a000153398 035 $aUSA01000153398 035 $a(ALEPH)000153398USA01 035 $a000153398 100 $a20040325d19001901km-y0itay0103----ba 101 $aita 102 $aIT 110 $aaoazz--|||| 200 1 $a<> Cronache teatrali$fdi Edoardo Boutet 207 $aN. 1 (25 mar. 1900)-n. 36 (15 mar. 1901) 210 $aRoma$cSocietā editrice nazionale$d1900-1901 215 $avolumi$cill.$d21 cm 430 $1001000152867$12001$aLe cronache drammatiche 606 0 $aTeatro$xStoria$xPeriodici$2BNCF 676 $a792.09 801 0$aIT$bsalbc$gISBD 912 $a990001533980203316 958 $aFA$bFA Per.9 (Direzione)$cN.1(25 mar. 1900)-n.25(25 set. 1900);$iInv. 222 DLAS 959 $aSE 979 $aDLAS$b10$c20040325$lUSA01$h1044 979 $aPATRY$b90$c20040406$lUSA01$h1746 979 $aVITTORIANA$b90$c20150216$lUSA01$h1253 979 $aVITTORIANA$b90$c20150216$lUSA01$h1253 979 $aVITTORIANA$b90$c20150216$lUSA01$h1640 979 $aVITTORIANA$b90$c20150216$lUSA01$h1644 996 $aCronache teatrali$9926415 997 $aUNISA LEADER 01109nam2 2200373 450 001 990006168270203316 005 20160914122654.0 035 $a000616827 035 $aUSA01000616827 035 $a(ALEPH)000616827USA01 035 $a000616827 100 $a20060731g19869999km-y0itay0103----ba 101 0 $aita 102 $aIT 105 $aa|||||||001yy 200 1 $a<<5.>> : <> ceramiche 210 $aRoma$cDe Luca$d1986 215 $avolumi$cill.$d29 cm 300 $aIn testa al front.: Ministero per i beni culturali e ambientali, Soprintendenza archeologica di Roma 410 0$12001 454 1$12001 461 1$1001000182226$12001$aMuseo Nazionale Romano 606 0$aCeramiche$xCollezioni [del] Museo nazionale Romano 676 $a738 710 02$aMuseo Nazionale Romano$0172754 801 0$aIT$bsalbc$gISBD 912 $a990006168270203316 951 $aXI.5.B. 613$bL.M.$cXI.5.B. 959 $aBK 969 $aUMA 979 $aALESSANDRA$b90$c20160914$lUSA01$h1220 979 $aALESSANDRA$b90$c20160914$lUSA01$h1226 996 $aCeramiche$91393578 997 $aUNISA LEADER 01165nam--2200385---4500 001 990000499670203316 005 20090109121833.0 010 $a88-13-19914-7 035 $a0049967 035 $aUSA010049967 035 $a(ALEPH)000049967USA01 035 $a0049967 100 $a20010611d1996----km-y0ENGy0103----ba 101 $aita 102 $aIT 200 1 $a<> gestione dei dati contabili$e<> contabilitā generale informatizzata$fFabrizio Carucci 210 $aPadova$cCedam$d1996 215 $aX, 112 p.$d24 cm 300 $aSeguono appendici 606 0 $aContabilitā$xAutomazione 606 0 $aLibri contabili 676 $a657.0285 700 1$aCARUCCI,$bFabrizio$0460593 801 0$aIT$bsalbc$gISBD 912 $a990000499670203316 951 $a657.028 CAR 1 (IRA 6 148)$b12940 G$cIRA 6$d00010609 959 $aBK 969 $aGIU 979 $aPATTY$b90$c20010611$lUSA01$h1036 979 $c20020403$lUSA01$h1658 979 $aPATRY$b90$c20020424$lUSA01$h1335 979 $aPATRY$b90$c20040406$lUSA01$h1635 979 $aRSIAV3$b90$c20090109$lUSA01$h1218 996 $aGestione dei dati contabili$9196374 997 $aUNISA